Cuentos coreanos contemporáneos : autores nacidos entre 1913-1966 /

Colección que reúne a 10 escritores coreanos representantes de la literatura contemporánea en Corea del Sur con la finalidad de dar difusión a las letras orientales de autores poco conocidos en habla hispana. Los autores en cuestión son: Kim Dong-ni, Park Wan-suh, Lee Ze-ha, Yun Heung-gil, Kim Chae-...

Descrizione completa

Salvato in:
Dettagli Bibliografici
Autore principale: Kim, Un-Kyung (edición, selección y traducción)
Altri autori: Kim, Jong-Hwe (introducción) (introducción)
Natura: Libro
Lingua:spagnolo
Pubblicazione: Madrid, España : Verbum, 2020, c2020
Serie:(Literatura Coreana)
Soggetti:
Tags: Aggiungi Tag
Nessun Tag, puoi essere il primo ad aggiungerne!!

MARC

LEADER 00000nam^a2200000^a^4500
001 000629163
005 20260309000000.0
009 20260407175342.462
020 |a 978-84-1337-485-7 
037 |a Acervo ITESO - Biblioteca 
041 |a ESP 
082 |a 895. 7  |b KIM V. 1 
100 |a Kim, Un-Kyung  |e (edición, selección y traducción) 
245 1 0 |a Cuentos coreanos contemporáneos :  |b autores nacidos entre 1913-1966 /  |c Ed., selec. y tr. por U.K. Kim ; introd. de J.H. Kim. 
264 4 |a Madrid, España :  |b Verbum,  |c 2020, c2020 
300 |a 290 p. 
336 |a texto  |b txt  |2 rdacontenido 
337 |a sin mediación  |b n  |2 rdamedio 
338 |a volumen  |b nc  |2 rdasoporte 
440 1 |a (Literatura Coreana) 
520 |a Colección que reúne a 10 escritores coreanos representantes de la literatura contemporánea en Corea del Sur con la finalidad de dar difusión a las letras orientales de autores poco conocidos en habla hispana. Los autores en cuestión son: Kim Dong-ni, Park Wan-suh, Lee Ze-ha, Yun Heung-gil, Kim Chae-won, Park Chan-soon, Koo Hyo-seo, Joun Gyoung-rin, Youn Dae-nyeong y Kim Do-yeon. 
521 |a FIL 2025 DIA 
649 |a XX 
650 |a Cuentos Coreanos 
650 |a Literatura Coreana -  |y Siglo XXI 
650 |a Literatura de Mujeres -  |z Corea del Sur 
700 |a Kim, Jong-Hwe  |e (introducción) 
910 |a Fondo General 
920 |a Impresos - Libros 
930 |a Colección General 
940 |a Literatura 
905 |a 101 
901 |a 629163-10  |b IT1  |c LIT  |i C192889  |u 20260309 
902 |a https://opac.biblio.iteso.mx/vufind/Record/000629163